=LDR 00000nam 2200000 4500 =001 INLIS000000001052357 =005 20240827091211 =035 ##$$a 0010-0824000175 =007 ta =008 240827################a##########1###### =020 ##$$a 978-89-65509-656-6 =082 ##$$a 028.55 =084 ##$$a 028.55 LEE b =100 #$$a Lee Eun-Jeong =245 1#$$a Bagaimana saya harus memakannya? /$c Lee Eun-Jeong =260 ##$$a Tongkeun World :$b Gyeonggi-do =300 ##$$a 31 hlm : $b ilus ; $c 22,5 x 24,5 cm =650 #4$$a Bacaan Kanak-kanak =990 ##$$a 17481748